Представление документа в формате MARC21

Поле Инд. ПП Название Значение
Тип записи a
Библиографический уровень m
001 Контрольный номер e932d7df-2492-41bc-b53e-9e629b5f5ee5
005 Дата корректировки 20140703142534.6
008 Кодируемые данные 060118
020 a ISBN 5-288-03718-3
c Цена, тираж 32.00
040 a Служба первич. каталог. НБ ТвГУ
041 a Код языка текста rus
080 a Индекс УДК 332.1:316.48(470.26)
084 a Индекс другой классификации/Индекс ББК У9(2Рос-4Каг)8
a Индекс другой классификации/Индекс ББК У9(2Рос)81
a Индекс другой классификации/Индекс ББК С561.3
090 x Авторский знак К48
a Полочн. индекс У9(2Рос)
100 1_ a Автор Клемешев Андрей Павлович
245 00 a Заглавие Российский эксклав: преодоление конфликтогенности
c Ответственность А. П. Клемешев ; Калинигр. гос. ун-т
260 0_ a Место издания СПб.
b Издательство Санкт-Петербургский гос. ун-т
c Дата издания 2005
300 a Объем 263 с.
b Иллюстрации/ тип воспроизводства табл.
504 a Библиография Библиогр.: с. 244-252 и в подстроч. примеч.
583 a Действие Получение впервые 10 18.01.2006
k Исполнитель действия Обмен
650 a Основная рубрика Калининградская область
x Основная подрубрика Экономика
x Основная подрубрика Региональное развитие
650 a Основная рубрика Экславные регионы
x Основная подрубрика Конфликтология
650 a Основная рубрика Свободные экономические зоны
653 a Ключевые слова Калининградская область
a Ключевые слова Экономика Калининградской области
a Ключевые слова Региональное развитие Калининградской области
a Ключевые слова Эксклавные регионы
a Ключевые слова Конфликтогенность эксклавов
a Ключевые слова Конфликтология
a Ключевые слова Политические конфликты
a Ключевые слова Анклавные регионы
a Ключевые слова Свободные экономические зоны
852 t Порядковый номер экземпляра 1
p Инвентарный номер 832755
863 t 00113463
888 a Бесплатные
952 p 10.2006 32.00 1 832755
c Вид литературы К рн
954 a Дата поступления на обработку 20060315
999 a Подразделение 2 Фил1